Biblioteca

Tendencias en la apologética protestante (Registro nro. 69639)

Detalles MARC
000 -LÍDER
Campo fijo de descripción fija 01140nab a2200205 i 4500
001 - NÚMERO DE CONTROL
Campo de control 768714001
003 - IDENTIFICADOR DEL NÚMERO DE CONTROL
Campo de control CO-MdFUSB
005 - FECHA Y HORA DE LA ULTIMA TRANSACCIÓN
control field 20240509165405.0
008 - ELEMENTOS DE LONGITUD FIJA -- INFORMACIÓN GENERAL
Campo fijo de descripción fija -- Información general 240509t1969 sp ||||| |||| 00| 0 spa d
040 ## - FUENTE DE CATALOGACIÓN
Idioma de catalogación
Agencia que realiza la transcripción CO-MdFUSB
Agencia que realiza la modificación CO-MdFUSB
100 ## - ASIENTO PRINCIPAL--NOMBRE PERSONAL
Nombre personal Gilkey, Langdon,
Término relacionador autor
245 ## - TÍTULO
Título Tendencias en la apologética protestante
Mención de responsabilidad / Langdon Gilkey
520 ## - NOTA DE RESUMEN, ETC.
Nota de sumario, etc. Este artículo, sobre las tendencias de la apologética protestante contemporánea, intenta cubrir los principios fundamentales presentes en algunas formas recientes de apologética protestante, con el objetivo de sacar conclusiones positivas sobre la apologética en un futuro próximo. No pretende proporcionar una explicación académica o exhaustiva de la amplia gama de teologías protestantes actuales.
650 #7 - ASIENTO SECUNDARIO DE MATERIA - TERMINO TEMÁTICO
Término temático o nombre geográfico como elemento de entrada Teología dogmática
9 (RLIN) 6937
650 #7 - ASIENTO SECUNDARIO DE MATERIA - TERMINO TEMÁTICO
Término temático o nombre geográfico como elemento de entrada Apologética
9 (RLIN) 187
653 ## - TÉRMINO DE INDIZACIÓN - NO CONTROLADO
Término no controlado Teología fundamental - católica
773 0# - ASIENTO DE ITEM FUENTE
Biblionumber 49450
Itemnumber 82609
Otro identificador del ítem R2536
Título Revista internacional de teología Concilium
Número de control del registro (CO-MdFUSB)8
Número Internacional Normalizado para Publicaciones Seriadas (ISSN) 0210-1041
Parte(s) relacionada(s) / Volumen., número. (mes año), páginas Número 46, (junio, 1969), páginas: 449 - 472
Enumeración y primera página página: 449
942 ## - TIPO DE MATERIAL (KOHA)
Tipo de Item KOHA Artículos de Revista
945 ## - INFORMACIÓN LOCAL DEL REGISTRO
Catalogador Catherine Arias Alvarez - Practicante SENA

No hay ítems disponibles.

Biblioteca FUSBC | Teléfono: (57+4) 349 88 10 Ext. 141| WhatsApp (+57) 3005338115 
E-mail: biblioteca@unisbc.edu.co | Calle 76 87-14 Robledo Palenque, Medellín, Colombia

Con tecnología Koha